| 000 | 00576aam a2200217 4500 | ||
|---|---|---|---|
| 005 | 20161010113042.0 | ||
| 008 | 150617b xxu||||| |||| 00| 0 spa d | ||
| 041 | _aEspañol | ||
| 082 | _a371.9 M337a | ||
| 100 |
_aMarín Arias, Gabriela _925741 |
||
| 245 | _aAlumnos con necesidades educativas especiales | ||
| 260 | _aCosta Rica | ||
| 260 | _bEUNED | ||
| 260 | _c2005 | ||
| 300 | _a240 páginas | ||
| 650 |
_aEDUCACIÓN ESPECIAL _91030 |
||
| 650 |
_aAUTISMO _97924 |
||
| 650 |
_aTRANSTORNOS MENTALES _925742 |
||
| 650 |
_aDÉFICIT ATENCIONAL _91011 |
||
| 942 | _cBK | ||
| 999 |
_c1373 _d1373 |
||